| 000 | 01013nas a2200325 4500 | ||
|---|---|---|---|
| 001 | BR2013008432 | ||
| 003 | BR-BrBNA | ||
| 005 | 20231205123202.0 | ||
| 007 | ta | ||
| 008 | 230509b bl.|||p| |||| 00| 00por d | ||
| 040 |
_aBR-BrBNA _bpor _cBiblioteca Nacional de Agricultura |
||
| 041 | _a(Pt) | ||
| 072 | _aL72; L73 | ||
| 100 | 1 | _aGonçalves, D.D. | |
| 100 | 1 | _aNascimento, D. do A.G. | |
| 100 | 1 | _aCaetano, I.C. da S. | |
| 100 | 1 | _aGerônimo, E. | |
| 100 | 1 | _aMenegas, P.H. | |
| 100 | 1 | _aBrandão, H.B.S. | |
| 100 | 1 | _aVidotto, O. | |
| 100 | 1 | _aVieira, M.L. | |
| 245 | 1 | _aBorrelia burgdorferi em cão errante da região noroeste do estado do Paraná - relato de caso | |
| 650 | _aCÃO | ||
| 650 | _aCARRAPATO | ||
| 650 | _aDOENÇA ANIMAL | ||
| 650 | _aPARASITO ANIMAL | ||
| 773 | 0 |
_tArquivos de Ciências Veterinárias e Zoologia da Unipar (Brazil) _xISSN 1415-8167 _g(Jul-Dec 2012), v. 15(2) p. 171-173 _wBR2013008432 |
|
| 909 |
_a202311 _bLúcia _c55 _dLúcia Elande |
||
| 942 |
_2AGRIS _n0 _cANA |
||
| 999 |
_c232590 _d232590 |
||